Nechcú odrádzať cenou Nový systém troch tried v noblesných hoteloch
Nový systém klasifikácie hotelov. Podľa systému klasifikácie v leteckých spoločnostiach zavádzanie trojtriedneho systému - First, Business a Economy class. Dôvody týchto zmien a ich uplatňovanie v najznámejších hoteloch.
Enregistré dans:
| Auteur principal: | |
|---|---|
| Format: | Chapitre de livre |
| Langue: | slovaque |
| Sujets: | |
| Tags: |
Pas de tags, Soyez le premier à ajouter un tag!
|
MARC
| LEADER | 00000naa a2200000 4500 | ||
|---|---|---|---|
| 001 | r016600 | ||
| 005 | 20221213114143.7 | ||
| 041 | 0 | |a slo | |
| 044 | |a SK | ||
| 245 | 1 | 0 | |a Nechcú odrádzať cenou |b Nový systém troch tried v noblesných hoteloch |c P. Gallo |
| 520 | |a Nový systém klasifikácie hotelov. Podľa systému klasifikácie v leteckých spoločnostiach zavádzanie trojtriedneho systému - First, Business a Economy class. Dôvody týchto zmien a ich uplatňovanie v najznámejších hoteloch. | ||
| 610 | 2 | 0 | |a hotely |
| 610 | 2 | 0 | |a klasifikácia |
| 610 | 2 | 0 | |a hotelierstvo |
| 610 | 2 | 0 | |a spoločnosti letecké |
| 610 | 2 | 0 | |a služby |
| 100 | 1 | |a Gallo, P. | |